[Event "ENG-ch U16/18"]
[Site "Milton Keynes"]
[Date "2021.10.02"]
[Round "1"]
[White "Kan, Toby"]
[Black "Badacsonyi, Frankie"]
[Result "0-1"]
[WhiteElo "1696"]
[BlackElo "1511"]
[PlyCount "102"]
[EventDate "2021.10.02"]
[EventType "swiss"]
[EventRounds "5"]
[EventCountry "ENG"]
[SourceTitle "EXT 2023"]
[Source "ChessBase"]
[SourceDate "2022.10.05"]
[SourceVersion "1"]
[SourceVersionDate "2022.10.05"]
[SourceQuality "1"]

1. e4 e6 2. d3 d5 3. Nd2 Nf6 4. Ngf3 b6 5. g3 dxe4 6. dxe4 Nc6 7. Bg2 e5 8. 0-0 Bc5 9. Nb3 Qxd1 10. Rxd1 Be7 11. Nxe5 Nxe5 12. f4 Nfd7 13. fxe5 Nxe5 14. Bf4 Bf6 15. Rd5 Ng6 16. Bxc7 Be6 17. e5 Bxd5 18. Bxd5 Rc8 19. exf6 Rxc7 20. fxg7 Rg8 21. Nd4 Ne7 22. Re1 Rxg7 23. Rxe7+ Rxe7 24. Nf5 Rg4 25. Nxe7 Kxe7 26. Bb3 Rd4 27. Kg2 Rd2+ 28. Kh3 Rd1 29. Bc4 Rb1 30. b3 Rb2 31. Bd3 h6 32. a4 Kf6 33. Kg4 Rb1 34. Kf4 Re1 35. g4 Rh1 36. Kg3 Ke5 37. h3 f6 38. h4 Kd4 39. h5 Ke3 40. Kg2 Rd1 41. Bf5 a6 42. Bd3 b5 43. axb5 axb5 44. b4 Rb1 45. Bxb5 Rxb4 46. Bd7 Kd2 47. Bf5 Rf4 48. Kg3 Rxf5 49. gxf5 Kxc2 50. Kf3 Kd3 51. Kf4 Kd4 0-1

[Event "GBR-ch U14 106th"]
[Site "Torquay"]
[Date "2019.08.01"]
[Round "5"]
[White "Kan, Toby"]
[Black "Parry, Samuel A"]
[Result "1-0"]
[WhiteElo "1702"]
[BlackElo "1607"]
[PlyCount "112"]
[EventDate "2019.07.28"]
[EventType "swiss"]
[EventRounds "7"]
[EventCountry "ENG"]
[SourceTitle "EXT 2020"]
[Source "ChessBase"]
[SourceDate "2019.10.17"]
[SourceVersion "1"]
[SourceVersionDate "2019.10.17"]
[SourceQuality "1"]

1. e4 c5 2. Nf3 d6 3. d4 cxd4 4. Nxd4 Nf6 5. Nc3 g6 6. Be3 Bg7 7. f3 0-0 8. Qd2 Nc6 9. Bc4 Bd7 10. 0-0-0 Rc8 11. Bb3 Ne5 12. Bh6 Bxh6 13. Qxh6 Rxc3 14. bxc3 Qa5 15. Kb2 Rc8 16. Qd2 Nc4+ 17. Bxc4 Rxc4 18. Nb3 Qc7 19. Rhe1 a5 20. Re3 a4 21. Nd4 e5 22. Ne2 Qb6+ 23. Ka1 Be6 24. Rb1 Qc6 25. Rd1 Ne8 26. Rd3 b5 27. Rb1 Rc5 28. Rb4 f5 29. exf5 Bxf5 30. Re3 Rd5 31. Qc1 Qb6 32. g4 Bxc2 33. Kb2 Bd3 34. Ng3 Nf6 35. Ne4 Bxe4 36. fxe4 Nxg4 37. Rg3 Qf2+ 38. Ka1 Nxh2 39. Rxg6+ hxg6 40. exd5 Ng4 41. Rxg4 Kf7 42. Rg1 Kg7 43. Qg5 Qc2 44. Qe7+ Kg8 45. Qe8+ Kg7 46. Qxb5 Qxc3+ 47. Kb1 Qd4 48. Qd7+ Kh6 49. Qh3+ Kg7 50. Qd7+ Kh6 51. Rh1+ Kg5 52. Qe7+ Kf5 53. Rf1+ Kg4 54. Qe6+ Kg5 55. Qf6+ Kh5 56. Rh1+ Kg4 1-0

[Event "GBR-ch U14 106th"]
[Site "Torquay"]
[Date "2019.07.28"]
[Round "1"]
[White "Kan, Toby"]
[Black "Hussain, Adam"]
[Result "1-0"]
[WhiteElo "1702"]
[BlackElo "1515"]
[PlyCount "109"]
[EventDate "2019.07.28"]
[EventType "swiss"]
[EventRounds "7"]
[EventCountry "ENG"]
[SourceTitle "EXT 2020"]
[Source "ChessBase"]
[SourceDate "2019.10.17"]
[SourceVersion "1"]
[SourceVersionDate "2019.10.17"]
[SourceQuality "1"]

1. e4 e6 2. d3 c5 3. Nd2 Nc6 4. g3 d5 5. Bg2 Nf6 6. Ngf3 Bd6 7. 0-0 b5 8. Re1 dxe4 9. dxe4 e5 10. a4 Bg4 11. axb5 Nd4 12. c4 0-0 13. Qa4 Nxf3+ 14. Nxf3 Nd7 15. h3 Nb6 16. Qc2 Be6 17. b3 h6 18. Bb2 Qc7 19. Qc3 f6 20. Nh4 Bc8 21. Ra2 Rd8 22. Rea1 Kf7 23. Qf3 Kg8 24. Nf5 Be6 25. Qg4 Kh7 26. Qf3 Bf8 27. Bc3 Rd7 28. Bf1 g6 29. Ne3 Bg7 30. Nd5 Bxd5 31. exd5 f5 32. Bg2 Qd6 33. Qe3 Rf7 34. Qe1 e4 35. Bxg7 Rxg7 36. Qe3 Re7 37. Ra3 Rc7 38. Qc3 Qe7 39. Ra6 Rb7 40. Qd2 Rd8 41. Qa2 Rdd7 42. Qa5 g5 43. Re1 Qd6 44. Qc3 Re7 45. Qe3 Rbc7 46. g4 fxg4 47. Bxe4+ Kg8 48. hxg4 Qf6 49. Qd2 Kf8 50. d6 Red7 51. Rxb6 axb6 52. dxc7 Rxd2 53. c8Q+ Kg7 54. Qf5 Qd4 55. Bd5 1-0

[Event "BCF-chT4S 1819 (4NCL)"]
[Site "England"]
[Date "2018.11.18"]
[Round "2.66"]
[White "Kan, Toby"]
[Black "Deacon, David J"]
[Result "0-1"]
[WhiteElo "1550"]
[BlackElo "1635"]
[PlyCount "110"]
[EventDate "2018.11.17"]
[EventType "team-swiss"]
[EventRounds "11"]
[EventCountry "ENG"]
[SourceTitle "EXT 2021"]
[Source "ChessBase"]
[SourceDate "2020.10.23"]
[SourceVersion "1"]
[SourceVersionDate "2020.10.23"]
[SourceQuality "1"]
[WhiteTeam "CSC Dragons III"]
[BlackTeam "Wessex II"]
[WhiteTeamCountry "ENG"]
[BlackTeamCountry "ENG"]

1. e4 c5 2. Nf3 e6 3. d4 cxd4 4. Nxd4 Nf6 5. Nc3 d6 6. Be3 a6 7. Bd3 Be7 8. 0-0 0-0 9. Nb3 Nc6 10. f4 Qc7 11. a3 b5 12. Qf3 Bb7 13. Qg3 Rfe8 14. e5 dxe5 15. fxe5 Qxe5 16. Bf4 Qh5 17. Bg5 Qg4 18. Qxg4 Nxg4 19. Bxe7 Nxe7 20. Na5 Bd5 21. h3 Nf6 22. Nxd5 Nexd5 23. Nb3 Rec8 24. Rfe1 Nf4 25. Be4 Nxe4 26. Rxe4 Nd5 27. c3 Kf8 28. Rd1 Ra7 29. Rh4 h6 30. Re4 Rac7 31. Na5 g6 32. Rf1 Ke7 33. Rd1 Nb6 34. Rh4 h5 35. Rf4 Rd7 36. Rxd7+ Nxd7 37. Kf2 e5 38. Rb4 Nb6 39. Nb3 Rc4 40. Ke3 Nd5+ 41. Kf3 Nxb4 42. axb4 Kd6 43. Ke3 f5 44. Nd2 Rc7 45. Kf3 Ke6 46. Ke3 g5 47. Kf3 e4+ 48. Ke3 Ke5 49. Nf1 f4+ 50. Ke2 Rd7 51. Nd2 g4 52. hxg4 hxg4 53. Nf1 g3 54. Nd2 Rxd2+ 55. Kxd2 f3 0-1

[Event "BCF-chT4S 1718 (4NCL)"]
[Site "England"]
[Date "2018.05.07"]
[Round "11.66"]
[White "Miller, Max C"]
[Black "Kan, Toby"]
[Result "1/2-1/2"]
[WhiteElo "1392"]
[BlackElo "1494"]
[PlyCount "122"]
[EventDate "2017.11.11"]
[EventType "team-swiss"]
[EventRounds "11"]
[EventCountry "ENG"]
[SourceTitle "EXT 2020"]
[Source "ChessBase"]
[SourceDate "2019.10.17"]
[SourceVersion "1"]
[SourceVersionDate "2019.10.17"]
[SourceQuality "1"]
[WhiteTeam "MK Phoenix II"]
[BlackTeam "CSC Dragons III"]
[WhiteTeamCountry "ENG"]
[BlackTeamCountry "ENG"]

1. d4 Nf6 2. Nf3 g6 3. e3 Bg7 4. b3 0-0 5. Bb2 Re8 6. Be2 d6 7. 0-0 Nbd7 8. c4 c5 9. Nc3 a6 10. Qc2 Qc7 11. Rac1 b6 12. Rfd1 Bb7 13. Ne1 Rad8 14. Bf3 Bxf3 15. Nxf3 Qb7 16. h3 b5 17. cxb5 axb5 18. Qe2 Rb8 19. dxc5 Nxc5 20. b4 Nce4 21. Nxe4 Qxe4 22. Nd4 Qb7 23. Rc2 Qa6 24. a3 Rb6 25. Rdc1 Nd7 26. f4 Bh8 27. Rc7 Nb8 28. Qc2 Bf6 29. g4 h6 30. Rc8 Rxc8 31. Qxc8+ Qxc8 32. Rxc8+ Kg7 33. g5 hxg5 34. fxg5 Be5 35. Rc7 Kf8 36. Rc8+ Kg7 37. Re8 e6 38. Re7 Kf8 39. Rc7 Nc6 40. Rc8+ Kg7 41. Kf2 Nxd4 42. Bxd4 Bxd4 43. exd4 Ra6 44. Rc3 Ra8 45. Kg3 e5 46. d5 Kf8 47. Kg4 Kg7 48. Rc6 Rxa3 49. Rb6 e4 50. Rxb5 f5+ 51. Kh4 Rf3 52. Rb7+ Kf8 53. Rd7 Rf4+ 54. Kg3 e3 55. Rxd6 Rxb4 56. Rxg6 Re4 57. Re6 Rxe6 58. dxe6 f4+ 59. Kf3 Ke7 60. h4 Kxe6 61. h5 Kf7 1/2-1/2

[Event "ENG Terafinal Challengers-A"]
[Site "Daventry"]
[Date "2017.08.13"]
[Round "6"]
[White "Kan, Toby"]
[Black "Maladkar, Ritika"]
[Result "1-0"]
[WhiteElo "126"]
[BlackElo "118"]
[PlyCount "97"]
[EventDate "2017.08.12"]
[EventType "swiss"]
[EventRounds "6"]
[EventCountry "ENG"]
[SourceTitle "CBM 179 Extra"]
[Source "ChessBase"]
[SourceDate "2017.08.23"]
[SourceVersion "1"]
[SourceVersionDate "2017.08.23"]
[SourceQuality "1"]

1. e4 c5 2. Nf3 d6 3. d4 cxd4 4. Nxd4 Nf6 5. Nc3 g6 6. Be3 Bg7 7. f3 Nc6 8. Qd2 0-0 9. Bc4 Bd7 10. 0-0-0 Rc8 11. Bb3 Nxd4 12. Bxd4 a5 13. e5 dxe5 14. Bxe5 Bc6 15. Qxd8 Rfxd8 16. Kb1 b5 17. a4 bxa4 18. Nxa4 Nd7 19. Bxg7 Kxg7 20. Rhe1 Kf6 21. Rd2 Bxa4 22. Bxa4 Nc5 23. Rxd8 Rxd8 24. Bb5 Rd2 25. Re2 Rd6 26. Kc1 Rb6 27. Bc4 Rb4 28. Ba2 Ra4 29. Kb1 Rd4 30. c3 Rd1+ 31. Kc2 Ra1 32. Bc4 a4 33. b4 axb3+ 34. Bxb3 Ra3 35. Bd5 Nd7 36. Kb2 Ra6 37. c4 Rb6+ 38. Kc3 e6 39. Be4 Nc5 40. Kd4 Nb3+ 41. Kc3 Nc5 42. Bc2 e5 43. Rd2 Rc6 44. Rd5 Ne6 45. Ba4 Rc7 46. Kb4 Rb7+ 47. Rb5 Rxb5+ 48. cxb5 Ke7 49. Kc4 1-0

[Event "BCF-ch U12"]
[Site "Llandudno"]
[Date "2017.08.04"]
[Round "6"]
[White "Kan, Toby"]
[Black "Orgler, Lukas H"]
[Result "1-0"]
[WhiteElo "1630"]
[BlackElo "1420"]
[PlyCount "59"]
[EventDate "2017.07.30"]
[EventType "swiss"]
[EventRounds "7"]
[EventCountry "WLS"]
[SourceTitle "CBM 179 Extra"]
[Source "ChessBase"]
[SourceDate "2017.08.23"]
[SourceVersion "1"]
[SourceVersionDate "2017.08.23"]
[SourceQuality "1"]

1. e4 e5 2. Nf3 Nf6 3. Nxe5 d6 4. Nf3 Nxe4 5. Nc3 Nxc3 6. dxc3 Be7 7. Be3 Be6 8. Qd2 c5 9. Be2 0-0 10. h3 f5 11. 0-0-0 a5 12. Kb1 Qd7 13. Ng5 Rc8 14. Nxe6 Qxe6 15. Bf3 Qd7 16. Qd5+ Kh8 17. Qxb7 Ra7 18. Qxd7 Nxd7 19. Bf4 Ne5 20. Bd5 g5 21. Bxe5+ dxe5 22. Be6 Rf8 23. Rd5 Re8 24. Bxf5 Rf8 25. Rxe5 Bd6 26. Rd5 Raf7 27. g4 Bf4 28. Rxc5 Re8 29. Rxa5 Rfe7 30. Rd5 1-0